LIBRARY & INFORMATION CENTRE, KCAET, TAVANUR

ONLINE PUBLIC ACCESS CATALOGUE (OPAC)

Concrete for the contractor / (Record no. 1900)

MARC details
000 -LEADER
fixed length control field 00369cam a2200145ua 4500
003 - CONTROL NUMBER IDENTIFIER
control field OSt
008 - FIXED-LENGTH DATA ELEMENTS--GENERAL INFORMATION
fixed length control field 250617b |||||||| |||| 00| 0 eng d
041 ## - LANGUAGE CODE
Language code of text/sound track or separate title eng
082 ## - DEWEY DECIMAL CLASSIFICATION NUMBER
Classification number 624.1834
Item number GRE/CO
100 ## - MAIN ENTRY--AUTHOR NAME
Personal name Green, Noel D .
245 ## - TITLE STATEMENT
Title Concrete for the contractor /
260 ## - PUBLICATION, DISTRIBUTION, ETC. (IMPRINT)
Place of publication London :
Name of publisher Crosby Lovekwood and son ltd ,
Year of publication 1948.
300 ## - PHYSICAL DESCRIPTION
Number of Pages 185 ; .
942 ## - ADDED ENTRY ELEMENTS (KOHA)
Koha item type Books
Holdings
Withdrawn status Lost status Damaged status Home library Current library Date acquired Full call number Accession Number Koha item type
      KAUAET KAUAET 07/04/2012 624.1834 GRE/CO 3945 Books
free website counter